20 Most mentioned countries on Jetpunk Discord - Statistics

General Stats
  • This quiz has been taken 139 times
  • The average score is 14 of 20
Answer Stats
# of messages Answer % Correct
~300 United States
100%
204 United Kingdom
97%
68 Germany
94%
115 Canada
93%
133 China
93%
203 Japan
93%
120 Russia
93%
66 Mexico
91%
131 France
90%
69 Spain
90%
97 Brazil
88%
263 India
86%
83 Ireland
59%
81 Poland
55%
93 Austria
38%
70 Denmark
37%
180 Singapore
24%
128 Estonia
13%
80 Vatican City
13%
71 Palau
10%
No matching quizzes found
Score Distribution
Percent of People with Each Score
Percentile by Number Answered
Your Score History
You have not taken this quiz